Personnalités au hasard #46 - Statistiques

Statistiques générales
  • Ce quiz a été pris 162 fois
  • Le résultat moyen est 6 sur 32
Statistiques - réponses
Par images Réponse % Correct
Ed Sheeran
98%
Robert Downey Jr.
73%
Sofiane Zermani
61%
Kevin Hart
54%
Idris Elba
46%
Jamie Foxx
33%
Tom Brady
33%
Donald Glover
32%
Zoë Kravitz
32%
Lil Uzi Vert
22%
Jean-Pierre Chevènement
15%
Daniel Day-Lewis
13%
Serge Reggiani
13%
Ashley Tisdale
12%
Dave Chappelle
12%
Jean de La Fontaine
10%
Lennikim
10%
Tyra Banks
10%
Caroline Mécary
6%
Noémie Merlant
6%
Chrissy Teigen
4%
Sarah Silverman
4%
Dominique Duforest
3%
Erykah Badu
3%
Chloë Sevigny
2%
Dimitri Rassam
2%
Pat Nixon
2%
Thandiwe Newton
2%
Jean-François Delfraissy
1%
Kate Bosworth
1%
Malik Delgaty
1%
Maurice Jarre
1%
Aucun quiz correspondant
Distribution des résultats
% des personnes avec chaque résultat
Percentile par nombre de réponses
Votre historique - résultats
Vous n’avez pas pris ce quiz